000 01120nam2a22002531 4500
001 v19\rc\2078533
005 20250620043407.0
035 _a(NLR Aleph) 005174068
090 _a5090177
_c5090177
100 _a20081218d1911 |||y0rusy50 ca
101 1 _arus
_cfre
_cfre
102 _aRU
105 _aa z |||||
200 1 _aДесять миллионов Красного Опоссума
_fПер. Ф. Волгина
_aОхотники за каучуком
_fПер. А. Энквист
210 _d1911
_aБ. м.
215 _a159, 606 с.
_cил.
461 0 _1001v19\rc\2078530
_12001#$aПолное собрание романов Луи Буссенара$v[Т. 3]
_1700#1$aБуссенар$bЛ.А.$f1847-1910$gЛуи Анри
_95090157
_aБуссенар, Л.А. (1847-1910)
_cСанкт-Петербург
_d1911
_nП.П. Сойкин
_tПолное собрание романов Луи Буссенара
_v[Т. 3]
702 1 _aВолгин
_bФ.
_4730
702 1 _aЭнквист
_bА.
_4730
801 0 _aRU
_bNLR
_gpsbo
801 1 _aRU
_bProSoft-M
_2rusmarc
852 _aNLR
_j130/6151
942 _cBOOK
980 _aNB